000 00922nam a2200229Ii 4500
003 JO-AjNU
008 230605s9999||||xx |||||||||||||| ||und||
017 _a2001/5/1004
020 _a9957-07-246-3
040 _aJO-AjNU
_bara
_erda
_cJO-AjNU
041 _aara
050 1 4 _aBP135 2001
100 3 _aتاليف العباسي، الناصر لدين الله 575-622هجري/1179-1225م؛ تحقيق بدري محمد فهد؛ خرج احاديثة عبد الكريم بن رسمي آلدريني,
_eauthor
_935182
245 0 0 _aكتاب روح العارفين من كلام سيد المرسلين
250 _aط1
264 3 1 _aعمان: دار الفكر للطباعة والنشر والتوزيع، 2001
300 _a128ص
336 _atext
_btxt
_2rdacontent
337 _aunmediated
_bn
_2rdamedia
338 _avolume
_bnc
_2rdacarrier
650 4 _aالاسلام - الحديث الشريف
_935183
999 _aA14499
_c18067
_d18067